000 00475nam a2200181Ia 4500
008 240925s9999 xx 000 0 und d
020 _a9789385998416
082 _a338.5 SOM
100 _aSomashekaraiah, N. T.
245 0 _aPrinciples of Macroeconomics
250 _a2nd
260 _aNew Delhi:
_bBPB Publication
_c,2017.
300 _axxxii, 616p.
_b0
_fOriginal
500 _aIncludes Index
600 _aSocial Sciences
650 _aSocial Sciences
942 _cBK
999 _c15787
_d15787